Seminario Chile y la pesquería del krill
Uloženo v:
| Korporace: | , |
|---|---|
| Médium: | Kniha |
| Jazyk: | španělština |
| Vydáno: |
Santiago
CORFO
1985
|
| Témata: | |
| Tagy: |
Přidat tag
Žádné tagy, Buďte první, kdo vytvoří štítek k tomuto záznamu!
|
MARC
| LEADER | 00000nam a2200000 a 4500 | ||
|---|---|---|---|
| 001 | UCR4875 | ||
| 003 | CL-VaPUC | ||
| 005 | 20221021074602.0 | ||
| 008 | 980320e19850000cl 1 spa d | ||
| 082 | 0 | 4 | |a 338.372 |b COR |2 21 |
| 110 | 2 | |a Corporación de Fomento de la Producción |e author |9 618796 | |
| 710 | 2 | |a Instituto de Fomento Pesquero |e author |9 618797 | |
| 245 | 1 | 0 | |a Seminario Chile y la pesquería del krill |
| 260 | |a Santiago |b CORFO |c 1985 | ||
| 300 | |a 108 p | ||
| 583 | |a last modification |c 20180102 06:24:21 |k Rodrigo Vera | ||
| 650 | 0 | 7 | |a KRILL |2 CL-VaPUC |9 406340 |
| 650 | 0 | 0 | |a Recursos pesqueros |9 255431 |
| 650 | 0 | 0 | |a Industria pesquera |9 255432 |
| 650 | 0 | 7 | |a PESCA MARINA |2 CL-VaPUC |9 618798 |
| 651 | 7 | |a CHILE |2 CL-VaPUC |9 618799 | |
| 942 | |c BK | ||
| 945 | |a crobeson |d 19980320 00:00:00 | ||
| 546 | |a En Español | ||
| 536 | |a Instituto Antártico Chileno | ||
| 518 | |p Chile y la pesquería del krill, Santiago, 3 y 4 de octubre de 1985 | ||
| 999 | |c 383116 |d 383114 | ||
| 952 | |0 0 |1 0 |2 ddc |4 0 |6 338_372000000000000_COR_1985 |7 0 |8 A |9 505132 |a BIBCUR |b BIBCUR |c PAC |d 2020-01-23 |i 1967126 |o 338.372 COR 1985 |p 1967126 |r 2025-04-22 |w 2020-01-23 |y BK |k CIM | ||